00923 a2200181 4500003000500000005001700005040000900022082001200031100003400043245004900077260005000126300001600176505036300192650002600555942002100581999001900602952012000621NUST20221205124827.0 cNust a027,PAK aMalik, Sain Muhammad 9104133 aPakistan Librarinship /cSain Muhammad Malik aPeshawarbPakistan Library Association c1982 aix,240 p .: aPresidents and secretary generals (Page-1), Role of university library (Page-39), University library standards for Pakistan (Page-65), Role of college library (Page-82), Role of public library (Page-107), Role of national library (Page-119), Library services to disabled persons (Page-136), Code of professional ethics for librarians in Pakistan (Page-143).  aLibrarinship 9104134 2ddccBKk027,PAK c195253d195253 00102ddc4070aMCSbMCScGENd2016-12-12o027,PAKpMCS1331r2016-12-08w2016-12-12yBKzAlmirah No.46, Shelf No.1